Emotional intelligence (Record no. 542880)

000 -LEADER
fixed length control field 00382nam a22001457a 4500
020 ## - INTERNATIONAL STANDARD BOOK NUMBER
International Standard Book Number 0747526222
082 ## - DEWEY DECIMAL CLASSIFICATION NUMBER
Classification number 370.153
Author Mark GOL
-- D
100 ## - MAIN ENTRY--PERSONAL NAME
Personal name Goleman, Daniel
9 (RLIN) 9683
245 ## - TITLE STATEMENT
Title Emotional intelligence
260 ## - PUBLICATION, DISTRIBUTION, ETC.
Place of publication, distribution, etc. Islamabad
Name of publisher, distributor, etc. Pn book club
Date of publication, distribution, etc. c1996
300 ## - PHYSICAL DESCRIPTION
Extent viii, 352 p. :
Dimensions 18 cm
526 ## - STUDY PROGRAM INFORMATION NOTE
Program name 0
Interest level 0
Reading level 0
Title point value 370_153000000000000_GOL
650 ## - SUBJECT ADDED ENTRY--TOPICAL TERM
Topical term or geographic name entry element MCE
9 (RLIN) 379
942 ## - ADDED ENTRY ELEMENTS (KOHA)
Source of classification or shelving scheme
Koha item type Book
Holdings
Withdrawn status Lost status Source of classification or shelving scheme Damaged status Not for loan Permanent Location Current Location Date acquired Total Checkouts Total Renewals Full call number Barcode Date last seen Date last checked out Price effective from Koha item type
          Military College of Engineering (MCE) Military College of Engineering (MCE) 02/24/2014 7 5 370.153 GOL MCE-35124 01/04/2021 01/04/2021 02/24/2014 Book
© 2023 Central Library, National University of Sciences and Technology. All Rights Reserved.